| 000 | 00797pam a2200229 a 4500 | ||
|---|---|---|---|
| 001 | 4979653 | ||
| 005 | 20180820051032.0 | ||
| 008 | 980402s1998 ilua b 001 0 eng | ||
| 010 | _a 98019872 | ||
| 020 | _a1567930840 | ||
| 040 |
_aDLC _cDLC _dDLC |
||
| 041 | _aeng | ||
| 080 | _a362.1068 | ||
| 082 | 0 | 0 |
_a362.1068 _221 |
| 100 | 1 | _a53 | |
| 101 | _aMAN | ||
| 245 | 1 | 0 |
_aMillennium management : _cRussell C. Coile, Jr. |
| 504 | _aIncludes bibliographical references and index. | ||
| 906 |
_a7 _bcbc _corignew _d1 _eocip _f19 _gy-gencatlg |
||
| 942 |
_2ddc _cBK |
||
| 999 |
_c47229 _d47229 |
||